00589 a2200121 4500001001000000005001700010008004100027245007900068653022500147100003200372773004600404999001700450ART_5078820260410162043.0260409a 10aComentarios sobre los delitos tributarios en el proyecto de Código Penal aPara analizar el sentido de las diferencias que presenta el con el texto vigente, debemos comenzar aclarando que la decisión de llevar al terreno del derecho penal las infracciones tributarias es de política criminal1 aD´Albora, Francisco J. (h)0 tImpuestosg- N° 71 (mar. 2020)wREV45175 c35127d35127